01891 2200313 4500001002100000005001500021035002000036007000300056008004100059020002200100082001000122084001900132100002800151245011600179250002900295300005300324650000800377650002300385650002000408700002700428700003100455504002900486520093600515264003601451336002101487337003001508338002301538990001601561INLIS00000000116548520250507020809 a0010-0525000016ta250507 g 0 ind  a978-634-211-106-2 a649.1 aSR 649.1 VER p0 aVerlita Evelynepenulis1 aParenting versi mom :bmom says, be happy everyone /cVerlita Evelyn, Ari Wulandari; penyunting, Arie Prabawati aEdisi I, Cetakan I: 2025 aviii, 148 halaman :bilustrasi berwarna ;c23 cm 4aIbu 4aOrang tua dan anak 4aPendidikan anak0 aAri Wulandariepenulis0 aArie Prabawatiepenyunting abibliografi: halaman 139 aBuku ini menawarkan pandangan segartentang dunia parenting, menekankan bahwa tidak ada pendekatan yang sepenuhnya benar atau salah dalam mendidik anak. Dengan pendekatan yang humanis dan reflektif, buku ini dapat membimbing setiap ibu dalam menemukan keseimbangan antara kebahagiaan pribadi dan tanggung jawab pengasuhan. Keseimbangan pribadi bagi ibu, ayah, dan anak-anak, serta bagaimana kebahagiaan individu menjadi prioritas utama sebelum membimbing anak- anak, menjadi dasar kesepakatan antara ayah dan ibu dalam pengasuhan. Hal istimewa dalam buku ini adalah adanya refleksi bahwa parenting merupakan proses belajar yang berkelanjutan atau terus menerus. Setiap ibu bersama ayah, selalu berkembang bersama anak-anak mereka. Setiap masa pertumbuhan anak memerlukan parenting dengan pendekatan yang berbeda-beda. Buku ini memuat sharing-sharing parenting yang berharga untuk mewujudkan keluarga yang penuh cinta dan pengertian aYogyakarta :bRumah Baca,c2025 2rdacontentateks 2rdamediaatanpa perantara 2rdacarrieravolume a55725.68545